| 000 | 00402nam a22001697a 4500 | ||
|---|---|---|---|
| 003 | CEME | ||
| 005 | 20210628203048.0 | ||
| 008 | 210419b xxu||||| |||| 00| 0 eng d | ||
| 020 | _a0-521-31883-1 | ||
| 040 | _c. | ||
| 082 | _a005.1 STO'P | ||
| 100 |
_aCooke, D.J , Stone, R.G _963107 |
||
| 245 | _aProgram construction | ||
| 260 |
_aNEWYORK _bCAMBRIDGE _c1987 |
||
| 300 | _a372P | ||
| 942 |
_cBK _2ddc |
||
| 999 |
_c572036 _d572036 |
||